The effects of surface finish on piston ring pack performance in advanced reciprocating engine systems (Record no. 574007)
[ view plain ]
| 000 -LEADER | |
|---|---|
| fixed length control field | 00601nam a22001697a 4500 |
| 003 - CONTROL NUMBER IDENTIFIER | |
| control field | CEME |
| 005 - DATE AND TIME OF LATEST TRANSACTION | |
| control field | 20210628203519.0 |
| 008 - FIXED-LENGTH DATA ELEMENTS--GENERAL INFORMATION | |
| fixed length control field | 210120b xxu||||| |||| 00| 0 eng d |
| 040 ## - CATALOGING SOURCE | |
| Transcribing agency | . |
| 082 ## - DEWEY DECIMAL CLASSIFICATION NUMBER | |
| Classification number | 200 THE |
| 100 ## - MAIN ENTRY--PERSONAL NAME | |
| Personal name | Jeffrey Jocsak, Dr Tian Tian, Dr Victor W.Wong |
| 9 (RLIN) | 65936 |
| 245 ## - TITLE STATEMENT | |
| Title | The effects of surface finish on piston ring pack performance in advanced reciprocating engine systems |
| 260 ## - PUBLICATION, DISTRIBUTION, ETC. | |
| Place of publication, distribution, etc. | MIT |
| Name of publisher, distributor, etc. | MIT |
| Date of publication, distribution, etc. | 2005 |
| 300 ## - PHYSICAL DESCRIPTION | |
| Extent | 103P |
| 650 ## - SUBJECT ADDED ENTRY--TOPICAL TERM | |
| Topical term or geographic name entry element | MS-MECH-MIT.THE EFFECTS OF SURFACE FINISH ON PISTON RING PACK PERFORMANCE IN ADVANCED RECIPROCATING ENGINE SYSTEMS |
| 9 (RLIN) | 65937 |
| 942 ## - ADDED ENTRY ELEMENTS (KOHA) | |
| Koha item type | Book |
| Source of classification or shelving scheme | |
| Withdrawn status | Lost status | Damaged status | Not for loan | Permanent Location | Current Location | Shelving location | Date acquired | Total Checkouts | Full call number | Barcode | Date last seen | Price effective from | Koha item type |
|---|---|---|---|---|---|---|---|---|---|---|---|---|---|
| College of Electrical & Mechanical Engineering (CEME) | College of Electrical & Mechanical Engineering (CEME) | Reference | 07/28/2017 | 200 THE | CEME-45214 | 06/28/2021 | 06/28/2021 | Book |
